|
|
|
|
| LEADER |
00000nam0a2200000 4500 |
| 001 |
346960 |
| 005 |
20231102005937.0 |
| 010 |
|
|
|a 9785160105789
|
| 010 |
|
|
|a 978-5-7638-3043-9
|
| 035 |
|
|
|a (RuTPU)RU\TPU\book\378845
|
| 035 |
|
|
|a RU\TPU\book\306593
|
| 090 |
|
|
|a 346960
|
| 100 |
|
|
|a 20211215d2020 m y0rusy50 ca
|
| 101 |
0 |
|
|a rus
|
| 102 |
|
|
|a RU
|
| 105 |
|
|
|a a j 001zy
|
| 200 |
1 |
|
|a Бурение скважин
|e учебное пособие
|f В. В. Нескоромных
|g Сибирский федеральный университет (СФУ) ; Сибирский клуб
|
| 210 |
|
|
|a Москва
|c Инфра-М
|a Красноярск
|c Изд-во СФУ
|d 2020
|
| 215 |
|
|
|a 352 с.
|c ил.
|
| 225 |
1 |
|
|a Высшее образование - Специалитет
|
| 320 |
|
|
|a Библиогр.: с. 349-350
|
| 330 |
|
|
|a Представлены сведения о механике разрушения горных пород при различных способах бурения, о современной буровой технике, технологиях бурения, инструменте, реагентах для приготовления буровых растворов, механизации и автоматизации бурового процесса. Рассмотрены вопросы проектирования скважин, выбора бурового оборудования и инструмента, рациональных параметров бурового процесса. Предназначено для студентов, обучающихся по специальности 21.05.03 "Технологии геологической разведки".
|
| 606 |
1 |
|
|a Буровое дело
|2 stltpush
|3 (RuTPU)RU\TPU\subj\30514
|9 53616
|
| 610 |
1 |
|
|a скважины
|
| 610 |
1 |
|
|a виды
|
| 610 |
1 |
|
|a параметры
|
| 610 |
1 |
|
|a горные породы
|
| 610 |
1 |
|
|a разрушение
|
| 610 |
1 |
|
|a механические способы
|
| 610 |
1 |
|
|a буровая техника
|
| 610 |
1 |
|
|a буровое оборудование
|
| 610 |
1 |
|
|a буровые работы
|
| 610 |
1 |
|
|a направленное бурение
|
| 610 |
1 |
|
|a кернометрия
|
| 610 |
1 |
|
|a управление
|
| 610 |
1 |
|
|a механизация
|
| 610 |
1 |
|
|a автоматизация
|
| 610 |
1 |
|
|a бурильные трубы
|
| 610 |
1 |
|
|a колонковые снаряды
|
| 610 |
1 |
|
|a разведочное бурение
|
| 610 |
1 |
|
|a очистные агенты
|
| 610 |
1 |
|
|a технология
|
| 610 |
1 |
|
|a проектирование
|
| 610 |
1 |
|
|a учебные пособия
|
| 675 |
|
|
|a 622.24(075.8)
|v 4
|
| 700 |
|
1 |
|a Нескоромных
|b В. В.
|
| 712 |
0 |
2 |
|a Сибирский федеральный университет (СФУ)
|c (Красноярск)
|2 stltpush
|3 (RuTPU)RU\TPU\col\11098
|
| 712 |
0 |
2 |
|a Сибирский клуб
|c Фонд стратегических исследований
|c (Красноярск)
|2 stltpush
|3 (RuTPU)RU\TPU\col\19639
|9 27545
|
| 801 |
|
1 |
|a RU
|b 63413507
|c 20150202
|
| 801 |
|
2 |
|a RU
|b 63413507
|c 20220117
|g RCR
|
| 942 |
|
|
|c BK
|